PR China Presidents - Statistics

General Stats
  • This quiz has been taken 6 times
  • The average score is 5 of 9
Answer Stats
Presidents % Correct
Mao Zedong
83%
Xi Jinping
83%
Hu Jintao
50%
Jiang Zemin
50%
Liu Shaoqi
50%
Dong Biwu
33%
Li Xiannian
33%
Soong Ching-Ling
33%
Yang Shangkun
33%
No matching quizzes found
Score Distribution
Percent of People with Each Score
Percentile by Number Answered
Your Score History
You have not taken this quiz